Stations du tramway d'Orléans sur une carte - Statistiques

Statistiques générales
  • Ce quiz a été pris 412 fois
  • Le résultat moyen est 25 sur 52
Réponses sur la Carte
Les réponses sont colorées sur une échelle allant du rouge au vert en fonction du pourcentage des utilisateurs qui les ont devinées à leur premier essai. Vous pouvez retrouver ces pourcentages ci-dessous.
 
Statistiques - réponses
Ligne Arrêt % Correct
A De Gaulle
83%
B De Gaulle
83%
A Gare d'Orléans
83%
A Hôpital de la Source
76%
A République
73%
A Zénith
73%
A CO'Met
70%
A Université
68%
A Tourelles-Dauphine
65%
B Cathédrale
64%
A Jules Verne
64%
A Saint-Marceau
63%
A L'Indien
62%
A Royale-Châtelet
60%
A Victor Hugo
60%
B Jeanne d'Arc
59%
B Georges Pompidou
57%
A Libération
56%
B Halmagrand
55%
A Parc Floral
54%
A Gare des Aubrais
53%
B Madeleine
53%
B Clos du Hameau
52%
A Coligny
52%
A Mouillère
50%
A Les Aulnaies
47%
A Louis Braille
44%
B Eugène Vignat
43%
B Droits de l'Homme
42%
A Lamballe
40%
B Léon Blum - Mairie
40%
A Chèques-Postaux
39%
A Larry-Saint-Fiacre
38%
A Hôpital - Accueil
37%
A Lorette
37%
B Pont de l'Europe
37%
B Croix Morin
36%
B Mozart
36%
B Gaudier-Brzeska
34%
B Guy Marie Riobé
34%
B Trois Fontaines
34%
A Bolière
32%
A Bustière
32%
B Pont Bordeau
28%
B Clos de l'Arche
26%
B Martin Luther King
26%
B Ambert
25%
B Verville
22%
B Beaumonts
21%
B Rol Tanguy
21%
B Grand Villiers
20%
B Porte Dunoise
20%
Aucun quiz correspondant
Distribution des résultats
% des personnes avec chaque résultat
Percentile par nombre de réponses
Votre historique - résultats
Vous n’avez pas pris ce quiz